| 000 | 01779nam a2200373 a 4500 | ||
|---|---|---|---|
| 001 | ebr10475930 | ||
| 003 | CaPaEBR | ||
| 006 | m u | ||
| 007 | cr cn||||||||| | ||
| 008 | 991209s2000 ne sb 101 0 eng d | ||
| 010 | _z 99089845 | ||
| 020 | _z1556199554 (Hb; alk paper) | ||
| 020 | _z9027236844 (Eur.) | ||
| 020 | _z9789027236845 | ||
| 020 | _z9789027284587 (e-book) | ||
| 040 |
_aCaPaEBR _cCaPaEBR |
||
| 035 | _a(OCoLC)742513392 | ||
| 050 | 1 | 4 |
_aP165 _b.I58 2000eb |
| 082 | 0 | 4 |
_a415 _221 |
| 111 | 2 |
_aInternational Cognitive Linguistics Conference _n(5th : _d1997 : _cAmsterdam, Netherlands) |
|
| 245 | 1 | 0 |
_aConstructions in cognitive linguistics _h[electronic resource] : _bselected papers from the Fifth International Cognitive Linguistics Conference, Amsterdam, 1997 / _cedited by Ad Foolen, Frederike van der Leek. |
| 260 |
_aAmsterdam ; _aPhiladelphia : _bJohn Benjamins Pub. Co., _cc2000. |
||
| 300 | _axv, 338 p. | ||
| 490 | 1 |
_aAmsterdam studies in the theory and history of linguistic science. Series IV, Current issues in linguistic science ; _vv. 178 |
|
| 504 | _aIncludes bibliographical references and index. | ||
| 533 |
_aElectronic reproduction. _bPalo Alto, Calif. : _cebrary, _d2013. _nAvailable via World Wide Web. _nAccess may be limited to ebrary affiliated libraries. |
||
| 650 | 0 |
_aCognitive grammar _vCongresses. |
|
| 655 | 7 |
_aElectronic books. _2local |
|
| 700 | 1 | _aFoolen, Ad. | |
| 700 | 1 | _aLeek, Frederike van der. | |
| 710 | 2 | _aebrary, Inc. | |
| 830 | 0 |
_aAmsterdam studies in the theory and history of linguistic science. _nSeries IV, _pCurrent issues in linguistic theory ; _vv. 178. |
|
| 856 | 4 | 0 |
_uhttp://site.ebrary.com/lib/rucke/Doc?id=10475930 _zAn electronic book accessible through the World Wide Web; click to view |
| 999 |
_c216023 _d216023 |
||